000 00686cam a22002413a 4500
001 21608
003 PGUSA
005 20140828083447.0
008 070525s2007||||xxu|||||s|||||000 | eng d
040 _aPGUSA
_beng
042 _adc
050 4 _aBF
100 1 _aWeir, James,
_d1856-1906
245 1 4 _aThe Dawn of Reason ;
_bor, Mental Traits in the Lower Animals
_h[electronic resource] /
_cJames Weir
260 _bProject Gutenberg,
_c2007
506 _aPublic domain in the USA.
516 _aElectronic text
653 _aReason
653 _aPsychology, Comparative
830 0 _aProject Gutenberg
_v21608
856 4 0 _uhttp://www.gutenberg.org/ebooks/21608
942 _cEB
999 _c250863
_d250863